|
书名:
|
能源计量工作手册
|
|
|
作者:
|
成都市标准计量局
|
|
出版信息:
|
1985.07
|
|
开本页数:
|
19cm 
410页
|
|
丛书名:
|
|
|
单 册:
|
|
|
中图分类:
|
T
|
|
科图分类:
|
|
|
主题词:
|
工业技术
|
|
电子资源:
|
|
|
ISBN:
|
|
|
000
|
00510nam0 2200169 450
|
|
001
|
0672721952
|
|
005
|
20060222201323.56
|
|
100
|
|
@a20060222d1985 km y0chiy0120 ea
|
|
101
|
0
|
@achi
|
|
200
|
1
|
@a能源计量工作手册@Aneng yuan ji liang gong zuo shou ce@f成都市标准计量局@Fcheng du shi biao zhun ji liang ju
|
|
210
|
|
@d1985.07
|
|
215
|
|
@a410页@d19cm
|
|
606
|
0
|
@a工业技术
|
|
690
|
|
@aT@v4
|
|
701
|
0
|
@a成都市标准计量局@Acheng du shi biao zhun ji liang ju
|
|
801
|
0
|
@aCN@bNISOFT@c20060222
|
|
905
|
|
@a10447@dT@e134
|
|
|
|
|
| |
| 能源计量工作手册/成都市标准计量局.-1985.07 |
| 410页;19cm |
| |
| |
| ISBN : |
| |
| ● |
正题名:能源计量工作手册
索取号:T/134
 
预约/预借
| 序号
|
登录号
|
条形码
|
馆藏地/架位号
|
状态
|
备注
|
|
1
|
25082
|
200250824
|
海科密-1楼/54架14列4层/
[索取号:T/134]
|
在馆
|
|